Pohľady na ekonomiku Slovenska
Guardado en:
| Autor principal: | |
|---|---|
| Otros Autores: | |
| Formato: | Libro |
| Lenguaje: | eslovaco |
| Publicado: |
Bratislava
STATIS
1999
|
| Materias: | |
| Etiquetas: |
Sin Etiquetas, Sea el primero en etiquetar este registro!
|
MARC
| LEADER | 00000nam a2200000 4500 | ||
|---|---|---|---|
| 001 | c115516 | ||
| 005 | 20221123133312.6 | ||
| 020 | |a 80-85659-16-6 | ||
| 041 | 0 | |a slo | |
| 044 | |a SK | ||
| 245 | 1 | 0 | |a Pohľady na ekonomiku Slovenska |c Adam Laščiak - Jozef Chajdiak |
| 264 | 1 | |a Bratislava |b STATIS |c 1999 | |
| 300 | |a 234 s. | ||
| 610 | 2 | 0 | |a politika hospodárska |
| 610 | 2 | 0 | |a hospodárstvo národné |
| 610 | 2 | 0 | |a prognózy hospodárske |
| 610 | 2 | 0 | |a rast hospodársky |
| 610 | 2 | 0 | |a programy vládne |
| 610 | 2 | 0 | |a vývoj hospodársky |
| 610 | 2 | 0 | |a stagflácia |
| 610 | 2 | 0 | |a modely ekonomické |
| 610 | 2 | 0 | |a produkt domáci hrubý |
| 610 | 2 | 0 | |a makroekonomika |
| 610 | 2 | 0 | |a mzdy |
| 610 | 2 | 0 | |a vek postproduktívny |
| 610 | 2 | 0 | |a výnosy |
| 610 | 2 | 0 | |a priemysel |
| 610 | 2 | 0 | |a Slovensko |
| 610 | 2 | 0 | |a 1997-2015 |
| 100 | 1 | |a Laščiak, Adam | |
| 700 | 1 | |a Chajdiak, Jozef | |